Naruto Personnage 2 premières lettres - Statistiques

Statistiques générales
  • Ce quiz a été pris 7 194 fois
  • Le résultat moyen est 309 sur 467
Statistiques - réponses
Personnage % Correct
286 Nae
98%
372 Nagato
98%
1 Naruto Uzumaki
98%
250 Natori
98%
160 Nawaki
98%
416 A
95%
414 K
93%
468 Sabu
93%
561 Sagan
93%
281 Saï
93%
467 Saiken (Rokubi)
93%
137 Sajin
93%
247 Sajô
93%
115 Sakon
93%
425 Sakumo Hatake
93%
3 Sakura Haruno
93%
417 Samui
93%
523 Santa Yamanaka
93%
700 Sarada Uchiwa
93%
280 Sari
93%
247 Sasori
93%
500 Sasuke Sarutobi
93%
3 Sasuke Uchiwa
93%
140 Satetsu
93%
39 Kabuto Yakushi
85%
481 Kagami Uchiwa
85%
61 Kagari
85%
679 Kaguya Ôtsutsuki
85%
11 Kaiji
85%
20 Kaiza
85%
3 Kakashi Hatake
85%
241 Kakkô
85%
419 Kakoi
85%
312 Kakuzu
85%
214 Kamatari
85%
34 Kankurô
85%
105 Kanpô
85%
93 Kaori
85%
348 Karin
85%
417 Karui
85%
129 Karura
85%
129 Kashike
85%
616 Kasuga Nara
85%
71 Kasumi
85%
169 Katsuyu
85%
624 Kawarama Senju
85%
150 Kazabune
85%
454 C
83%
78 Hiashi Hyûga
82%
94 Hibari
82%
312 Hidan
82%
398 Hikaku Uchiwa
82%
491 Hikaru
82%
700 Himawari Uzumaki
82%
354 Hina
82%
34 Hinata Hyûga
82%
1 Hiruzen Sarutobi
82%
102 Hizashi Hyûga
82%
414 J
81%
58 Midare
80%
110 Midori
80%
456 Mifune
80%
210 Migaki
80%
145 Mikoto Uchiwa
80%
239 Minato Namikaze
80%
60 Minoji
80%
533 Mirai Sarutobi
80%
507 Miru
80%
45 Misumi Tsurugi
80%
87 Mitate
80%
406 Mitoku
80%
1 Mizuki
80%
572 Hagoromo Ôtsutsuki
79%
137 Haimaru
79%
15 Haku
79%
242 Hamaki Mimura
79%
670 Hamura Ôtsutsuki
79%
515 Han
79%
78 Hanabi Hyûga
79%
137 Hana Inuzuka
79%
369 Hanzô
79%
582 Harine
79%
118 Hashirama Senju
79%
44 Hayase
79%
65 Hayate Gekkô
79%
34 Kiba Inuzuka
79%
115 Kidômaru
79%
509 Kie
79%
408 Killer B
79%
199 Kimimaro
79%
525 Kinkaku
79%
35 Kin Tsuchi
79%
515 Kiri
79%
139 Kisame Hoshigaki
79%
235 Kitô
79%
515 Kitsuchi
79%
408 Kiyoi Yotsuki
79%
35 Gaara
78%
38 Gaï Maito
78%
542 Gaku Inuzuka
78%
90 Gama
78%
1 Gamabunta
78%
376 Gamaden
78%
124 Gamahiro
78%
374 Gamaken
78%
131 Gamakichi
78%
376 Gamamaru
78%
429 Gamatama
78%
166 Gamatatsu
78%
150 Gantetsu
78%
515 Gari
78%
477 Garuda
78%
10 Gatô
78%
416 Mabui
77%
370 Madara Uchiwa
77%
616 Maen Nara
77%
239 Mahiru
77%
631 Makara Akimichi
77%
270 Maki
77%
43 Manabu Akado
77%
169 Manda
77%
513 Manda II
77%
522 Mangetsu Hôzuki
77%
534 Maruten Akimichi
77%
313 Matatabi (Nibi)
77%
320 Matsu
77%
94 | 280 Matsuri
77%
418 Mawashi Dokuraku
77%
139 Itachi Uchiwa
75%
622 Itama Senju
75%
515 Ittan
75%
280 Ittetsu
75%
12 Kumade Toriichi
74%
406 Kumadori
74%
160 Kunugi Mokume
74%
1 Kurama (Kyubi)
74%
34 Kurenaï Yûhi
74%
137 Kuromaru
74%
454 Kurotsuchi
74%
456 Kurozuka
74%
33 Kusabi
74%
522 Kushimaru Kuriarare
74%
382 Kushina Uzumaki
74%
235 Kusuchi
74%
150 Kusuma
74%
648 Shamon
74%
29 Shiba
74%
137 Shibi Aburame
74%
60 Shibire
74%
242 Shibito Azuma
74%
58 Shigure
74%
406 Shiho
74%
9 Shijimi
74%
700 Shikadai Nara
74%
137 Shikaku Nara
74%
34 Shikamaru Nara
74%
475 Shikuro Aburame
74%
375 Shima
74%
144 Shimeji
74%
40 Shimon Hijiri
74%
310 Shin
74%
122 Shinigami
74%
503 Shinku Yûhi
74%
34 Shino Aburame
74%
116 Shinobu Mibu
74%
190 Shinta
74%
45 Shiore
74%
459 Shisui Uchiwa
74%
148 Shizune
74%
151 Shû
74%
134 Shukaku (Ichibi)
74%
500 Ashina Uzumaki
73%
34 Asuma Sarutobi
73%
462 Asura Ôtsutsuki
73%
247 Deidara
72%
159 Dengaku
72%
354 Denka
72%
545 F
72%
140 Kohada
72%
503 Kohari Umino
72%
93 Koharu Utatane
72%
430 Kô Hyûga
72%
94 Kôji
72%
423 Kokage Yanagikage
72%
566 Kokuô (Gobi)
72%
42 Komaza
72%
43 Komugi
72%
363 Konan
72%
2 Konohamaru Sarutobi
72%
605 Kosuke
72%
421 Kôsuke
72%
221 Kôta
72%
36 Kotetsu Hagane
72%
700 Boruto Uzumaki
71%
616 Daen Nara
71%
94 Daichi
71%
221 Daikoku Funeno
71%
668 Daï Maito
71%
454 Dajimu
71%
94 Dango
71%
157 Dan Katô
71%
281 Danzô Shimura
71%
454 Darui
71%
488 Tobimaru
71%
3 Tobio
71%
118 Tobirama Senju
71%
599 Tokara
71%
399 Tôka Senju
71%
489 Tokuma Hyûga
71%
129 Tomari
71%
247 Tomaru Minakura
71%
40 Tonbo Tobitake
71%
148 Tonton
71%
9 Tora
71%
481 Torifu Akimichi
71%
516 Toroï
71%
454 Torune Aburame
71%
20 Toutou
71%
58 Baiu
70%
65 Baki
70%
473 Baku
70%
348 Bakuto
70%
320 Bansai
70%
36 Neji Hyûga
69%
41 Nejiri
69%
354 Nekobaa
69%
39 Akamaru
68%
20 Akane
68%
454 Akatsuchi
68%
29 Akino
68%
1 Bekkô
68%
221 Inabi Uchiwa
68%
43 Inaho
68%
17 Inari
68%
462 Indra Ôtsutsuki
68%
137 Inoichi Yamanaka
68%
700 Inojin Yamanaka
68%
330 Inomatsu
68%
34 Ino Yamanaka
68%
29 Pakkun
68%
516 Pakura
68%
42 Jimei
67%
522 Jinin Akebino
67%
522 Jinpachi Munashi
67%
90 Jiraya
67%
115 Jirôbô
67%
45 Orochimaru
67%
19 Teguse
67%
221 Tekka Uchiwa
67%
34 Temari
67%
534 Temui
67%
488 Tenga
67%
36 Tenten
67%
454 Tera
67%
582 Terubô
67%
540 Tetsu
67%
225 Teyaki Uchiwa
67%
44 Anko Mitarashi
66%
445 Chibi
66%
314 Chiriku
66%
252 Chiyo
66%
700 Chôchô Akimichi
66%
94 Chogo
66%
149 Chôhan
66%
34 Chôji Akimichi
66%
454 Chôjûrô
66%
467 Chômei (Nanabi)
66%
150 Chôseki
66%
137 Chôza Akimichi
66%
516 Chûkichi
66%
129 Abiru
65%
94 Ame
64%
522 Ameyuri Ringo
64%
71 Ami
64%
454 Ao
64%
93 Aoba Yamashiro
64%
633 Aoda
64%
527 Atsui
64%
500 Biwako Sarutobi
64%
1 Tsubaki
64%
129 Tsuchino
64%
137 Tsume Inuzuka
64%
139 Tsunade
64%
16 Tsunami
64%
109 Tsuzumi Sarugaku
64%
36 Rock Lee
63%
353 Rôshi
63%
31 Agari
62%
19 Agetha
62%
350 Ahiko
62%
29 Bull
62%
144 Buna
62%
660 Bunpuku
62%
622 Butsuma Senju
62%
34 Moegi Kazamasturi
62%
235 Mogusa
62%
150 Momiji
62%
492 Motoï
62%
40 Mozuku
62%
515
60%
145 Fugaku Uchiwa
60%
507 Fuguki Suikazan
60%
375 Fukasaku
60%
71 Fuki
60%
494 Furui
60%
444 Fusô
60%
94 Futaba
60%
454 Fû Yamanaka
60%
239 Obito Uchiwa
60%
46 Oboro
60%
346 Suigetsu Hôzuki
60%
41 Sukima
60%
244 Sumashi
60%
286 Sumire
60%
248 Suname
60%
150 Susuki
60%
534 Suzaku Nara
60%
71 Suzume
60%
10 Zabuza Momochi
60%
515 Zaji
60%
35 Zaku Abumi
60%
320 Zangei
60%
1 Ayame
59%
454 Meï Terumî
59%
9 Meizu
59%
700 Metal Lee
59%
541 Dodaï
58%
202 Doki
58%
35 Dosu Kinita
58%
542 Dôtô Akimichi
58%
144 Riichi
58%
342 Rikumaru
58%
239 Rin Nohara
58%
515 Hoheto Hyûga
57%
43 Hôki
57%
93 Homura Mitokado
57%
43 Hôsei
57%
235 Hôshô
57%
320 Zenza
56%
234 Zetsu
56%
491 Genbu
55%
525 Gengetsu Hôzuki
55%
454 Gengi
55%
43 Genmaï
55%
34 Genma Shiranui
55%
199 Gen'yûmaru
55%
2 Genzô
55%
370 Gerotora
55%
467 Jûbi
55%
348 Jûgo
55%
668 Jûzô Biwa
55%
567 Son Gokû (Yonbi)
55%
149 Sôzu
55%
454 Gonbee
54%
94 Gonta
54%
157 Goshiki
54%
266 Gôza
54%
9 Gôzu
54%
37 Ningame
54%
320 Nishi
54%
468 Ponta
54%
93 Raidô Namiashi
54%
668 Raïga Kurosuki
54%
489 Ranka
54%
95 Rasa
54%
529 Rashii
54%
241 Taiseki
54%
522 Tajiki
54%
623 Tajima Uchiwa
54%
250 Takamaru
54%
354 Tamaki
54%
515 Tango
54%
60 Tanzö
54%
583 Tatsuma Aburame
54%
115 Tayuya
54%
9 Tazuna
54%
19 Giichi
53%
355 Ginji
53%
525 Ginkaku
53%
29 Guruko
53%
536 Iroha Hyûga
53%
1 Iruka Umino
53%
515
53%
61 Mubi
53%
255 Mukade
53%
546 Musaï
53%
427 Muta Aburame
53%
94 Nobori
53%
546 Nonota
53%
582 Nonô Yakushi
53%
251 Sekka
52%
314 Sentoki
52%
399 Setsuna Uchiwa
52%
648 Byakuren
51%
149 Jantô
51%
266 Jôseki
50%
507 Yagura Karatachi
50%
372 Yahiko
50%
1 Yajirobee
50%
253 Yakku
50%
399 Yakumi Uchiwa
50%
284 Yamato
50%
129 Yashamaru
50%
221 Yashiro Uchiwa
50%
581 Yatogo Ryûgen
50%
2 Ebisu
48%
252 Ebizô
48%
250 Isago
48%
444 Ise
48%
575 Ishikawa
48%
317 Isobu (Sanbi)
48%
280 Reki
47%
648 Reto
47%
120 Enma
46%
523 Ensui Nara
46%
194 Kyodaigumo
46%
355 Kyôka
46%
446 Kyûsuke
46%
144 Emi
45%
286 Emiru
45%
413 Gyûki (Hachibi)
45%
285 Hyô
45%
1 Ibara
45%
40 Ibiki Morino
45%
369 Ibuse
45%
36 Izumo Kamizuki
45%
386 Izuna Uchiwa
45%
314 Ichigen
44%
99
44%
18 Zôri
44%
503 Ikkaku Umino
43%
494 Blue B
42%
454 Ônoki
42%
417 Omoï
41%
57 Iwashi Tatami
40%
68 Iyashi
40%
90 Otoha
40%
140 Otokaze
40%
130 Ôtora
40%
368 Yûdachi
38%
137 Yûgao Uzuki
38%
312 Yugito Nii
38%
286 Yui
38%
247 Yûra
38%
250 Yurika
38%
41 Ôkei
36%
456 Okisuke
36%
92 Okyô
36%
45 Yoroï Akadô
36%
182 Yoshino Nara
36%
460 Yoshiteru
36%
251 Ryôkan
33%
247 Ryûsa
33%
368 Ryûshi
33%
406 Oyone
32%
515 Utakata
32%
18 Waraji
30%
457 Urakaku
29%
225 Uruchi Uchiwa
29%
29 Urushi
29%
34 Udon Ise
28%
115 Ukon
28%
305 Unmo Samidare
26%
399 Ushi
26%
29 Ûhei
24%
210 Ugaï
23%
Aucun quiz correspondant
Distribution des résultats
% des personnes avec chaque résultat
Percentile par nombre de réponses
Votre historique - résultats
Vous n’avez pas pris ce quiz